Záhadný případ Toma Králíka /

Spletité dobrodružství velmi neobyčejného kluka Tomáše, který se jednoho dne z ničeho nic objevil u manželů Podbabových v králíkárně.

Uloženo v:
Hlavní autor: Hapala, Jiří, 1953- (Autor)
Další autoři: Fibrich, Lukáš, 1974- (Autor)
Médium: Kniha
Jazyk:Czech
Vydáno: Praha : Euromedia Group, 2026
Vydání:Vydání první
Edice:Pikola (Euromedia)
Témata:
Celkem bylo vypůjčeno:0x
Tagy:
Žádné tagy
LEADER 02348nam a2200445 i 4500
001 106471
003 CZ PrNK
005 20260603114749.0
007 ta
008 260526s2026 xr c 000 j cze
015 |a cnb003750349 
020 |a 9788028413248  |q (vázáno) 
040 |a ABG001  |b cze  |e rda 
072 7 |a 821.162.3-3  |x Česká próza  |2 Konspekt  |9 25 
072 7 |a 821-93  |x Literatura pro děti a mládež (beletrie)  |2 Konspekt  |9 26 
080 |a 821.162.3-32  |2 MRF 
080 |a 821-93  |2 MRF 
080 |a (0:82-32)  |2 MRF 
100 1 |a Hapala, Jiří,  |d 1953-  |7 jx20080331039  |4 aut  |9 117420 
245 1 0 |a Záhadný případ Toma Králíka /  |c Jiří Hapala ; ilustrace Lukáš Fibrich 
250 |a Vydání první 
264 1 |a Praha :  |b Euromedia Group,  |c 2026 
300 |a 335 stran :  |b ilustrace ;  |c 21 cm 
336 |a text  |b txt  |2 rdacontent 
337 |a bez média  |b n  |2 rdamedia 
338 |a svazek  |b nc  |2 rdacarrier 
490 1 |a Pikola 
520 2 |a Spletité dobrodružství velmi neobyčejného kluka Tomáše, který se jednoho dne z ničeho nic objevil u manželů Podbabových v králíkárně.  |b Tomáš je zvláštní kluk – některým připomíná králíka. Ve škole svou podivností mate učitele i žáky – vypočítá každý příklad (i ten, na který si musí brát paní učitelka kalkulačku), splní se mu, co si přeje a vůbec se kolem něj dějí všelijaké jinakosti, které si nikdo nemůže vysvětlit. Když Tom poruší fyzikální zákony, začne se o něj dokonce zajímat i agent zvláštních služeb, a od té chvíle jde do tuhého. Agent Burda si pokládá otázky, které nás ale zajímají všechny: Odkud Tom Králík přišel? A je vůbec z našeho světa? Nakladatelská anotace. Kráceno. 
521 8 |a Pro děti od 9 let 
655 7 |a české příběhy  |7 fd133973  |2 czenas  |9 54030 
655 7 |a publikace pro děti  |7 fd133156  |2 czenas  |9 23 
655 9 |a Czech stories  |2 eczenas 
655 9 |a children's literature  |2 eczenas 
700 1 |a Fibrich, Lukáš,  |d 1974-  |7 jx20051103018  |4 ill  |9 12940 
710 2 |a Euromedia Group  |7 kn20100114009  |4 pbl  |9 117126 
830 0 |a Pikola (Euromedia) 
910 |a UOG502 
942 |2 ddc  |c KN 
999 |d 106471 
993 |0 0  |1 421180107188  |2 ddc  |4 0  |6 M_I  |7 0  |9 99907  |b 0  |c 107188  |d 2026-06-03  |e 0  |f M  |g M/I  |h 399.00  |i Koupě  |l M  |r 2026-06-03  |t 8  |w 2026-06-03  |y KN  |z BELET  |n